Bienvenue au Catalogue en Ligne des Bibliothèques de l'Universite du Burundi

Analyse des facteurs liés à la sous -scolarisation des batwa au Burundi (Record no. 21800)

000 -GUIDE
Champ de contrôle de longueur fixe 01139nam a22002417a 4500
003 - IDENTITÉ DU NUMÉRO DE CONTRÔLE
Champ de contrôle BI-BuBU
008 - ÉLÉMENTS DE LONGUEUR FIXE - RENSEIGNEMENTS GÉNÉRAUX
Champ de contrôle de longueur fixe 140123t2010 fr ||||dr|||| 000 0 fre d
037 ## - SOURCE D'ACQUISITION
Source d'acquisition et du numéro d'inventaire don
039 ## - NIVEAU DE CONTRÔLE BIBLIOGRAPHIQUE ET HISTORIQUE D'ENCODAGE [OBSOLETE]
Date creation 20140123104313.0
Nom catalographe Niyonzima Félicien
040 ## - SOURCE DU CATALOGAGE
Organisme qui a effectué le catalogage original BI-BuBU
Code de la langue utilisée dans le catalogage fre
Organisme qui a effectué la transcription BI-BuBU
041 ## - CODE DE LANGUE
Code de langue du texte/de la piste sonore ou du titre distinct fre
080 ## - INDICE DE LA CLASSIFICATION DÉCIMALE UNIVERSELLE (CDU)
Indice de la Classification décimale universelle 370.014.22
100 1# - VEDETTE PRINCIPALE - NOM DE PERSONNE
Code de relation aut
Nom de personne Ntibanonoka, Leonidas
245 10 - MENTION DU TITRE
Titre Analyse des facteurs liés à la sous -scolarisation des batwa au Burundi
Reste du titre Cas du site Kayange
Mention de responsabilité, etc. Leonidas Ntibanonoka
260 ## - PUBLICATION, DIFFUSION, ETC. (ADRESSE BIBLIOGRAPHIQUE)
Lieu de publication, diffusion, etc. Bujumbura
Nom de l'éditeur, diffuseur, etc. Université du Burundi, Chaire UNESCO, DESS en droits de l'homme et résolution pacifique des conflits
Date of publication, distribution, etc 2010
300 ## - DESCRIPTION MATÉRIELLE
Collation 49 f.
Dimensions 30 cm.
500 ## - NOTE GÉNÉRALE
Note générale Travail de Fin d'Etudes présenté et défendu en vue de l'obtention du Diplôme d'Etudes Supérieures Spécialisées en droits de l'homme et résolution pacifique des conflits
650 #7 - VEDETTE-MATIÈRE - NOM COMMUN
Source du terme BI-BuBU
Vedette de sujet ou vedette comportant un nom géographique Batwa.Sous scolarisation .Facteur
Lieu de l'événement Burundi
9 (RLIN) 84225
700 1# - VEDETTE SECONDAIRE - NOM DE PERSONNE
Code de relation drt
Nom d'auteur Ndayisaba, Joseph
9 (RLIN) 84226
942 ## - ÉLÉMENTS D'ENTRÉE ADDITIONNELLE (KOHA)
Source de la classification ou du système de rangement
Type d item koha Memoire
Holdings
Statut de retrait Statut de perte Source de la classification ou du système de rangement Statut de déterioration Exclu du prêt Numéro d item Koha Localisation permanente Localisation actuelle Date d'acquisition Source d'acquisition Nombre de prêts Cote Code-barres Date last seen Numéro d'exemplaire Prix en vigueur à partir du Type d item koha
          33976 Bibliothèque de l'Ecole doctorale Bibliothèque de l'Ecole doctorale 23/01/2014 Don   370.014.22 NTI 5090000023876 23/01/2014 1 23/01/2014 Memoire
© 2019-2026 - Bibliothèques de l'Université du Burundi |Tous droits réservés
home | Pour toute information urgente Contactez nous | tel whatsupp: +25779204313